MARC

Tag First Indicator Second Indicator Subfields
LEADER 00000cas a2200000L 4500
001 in00000048080
005 20151007065527.0
008 750914d18971931nyumr p 0uuua0eng
010 |a  08015096  
035 |a (OCoLC)01624007 
035 |9 AAE2175AM 
040 |a DLC  |c MUL  |d TXA  |d UtOrBLW 
049 |a TXAE 
050 0 |a N1  |b .I6 
245 0 0 |a International studio. 
264 1 |a New York :  |b International studio, inc. [etc.] 
300 |a 99 volumes :  |b illustrations, plates (part color) portraits ;  |c 29-34 cm.  |a monthly. 
336 |a text  |b txt  |2 rdacontent 
337 |a unmediated  |b n  |2 rdamedia 
338 |a volume  |b nc  |2 rdacarrier 
362 0 |a v. 1-99 (no. 1-411); Mar. 1897-Aug. 1931. 
500 |a From 1897 to 1921 forms the American edition of the London Studio, published by John Lane company, volume 1 of the International studio corresponding to volume 10 of the Studio. A certain part of each number was printed in England and joined with an American section to make the complete magazine. In 1922 the International studio was purchased by the International studio inc., New York, and produced henceforth wholly in America. 
500 |a From Mar. 1897-June 1907 title reads: The International studio; an illustrated magazine of fine and applied art. In July 1907 the title of individual numbers became International studio, though the longer title was for a time continued on title-pages. 
500 |a "Associated with the Connoisseur," Oct. 1927-Aug. 1931. 
515 |a No number issued for Feb. 1922. 
500 |a Editors: Mar. 1897-Nov. 1920, Charles Holme; Dec. 1920-Jan. 1922, G. C. Eglington; Mar. 1922-Sept. 1925, Peyton Boswell; Oct. ? 1925-Mar. 1928, W. B. McCormick; Apr. 1928-Aug. 1931, H. J. Whigham. 
650 0 |a Art  |v Periodicals. 
650 0 |a Decoration and ornament  |v Periodicals. 
700 1 |a Holme, Charles,  |d 1848-1923. 
700 1 |a Eglinton, Guy,  |d 1896-1928. 
700 1 |a Boswell, Peyton,  |d 1879-1936. 
700 1 |a McCormick, William Bernard,  |d 1868- 
700 1 |a Whigham, H. J.  |q (Henry James),  |d 1869-1954. 
700 1 |a Dixon, Maynard,  |d 1875-1946. 
785 0 4 |t Connoisseur 
999 |a MARS 
999 f f |s 7d3407e3-59fb-329f-924f-9e5ad87b56ee  |i 251a79df-a546-3fd2-89ff-12716512ad8f  |t 0 
952 f f |p noncirc  |a Texas A&M University  |b College Station  |c Cushing Memorial Library & Archives  |d Cushing: Kelsey Americana (Does not check out)  |t 0  |e N1 .I6  |f Oversize  |h Library of Congress classification  |i unmediated -- volume 
998 f f |a N1 .I6  |s v.57 (1916:Jan./Feb.)-v.85/86 (1926/27:Oct.-Mar.)  |t 0  |l Cushing: Kelsey Americana (Does not check out)